Identify the James Bond Actors and Actresses from the Oscars - Statistics

General Stats
  • This quiz has been taken 124 times
  • The average score is 8 of 9
Answer Stats
Oscar Film (Year of Release) Actor / Actress % Correct
Best Actor Bohemian Rhapsody (2018) Rami Malek
96%
Best Actress Monster’s Ball (2001) Halle Berry
91%
Best Supporting Actor The Untouchables (1987) Sean Connery
90%
Best Supporting Actor Inglourious Basterds (2009)Django Unchained (2012) Christoph Waltz
88%
Best Supporting Actor No Country For Old Men (2007) Javier Bardem
86%
Best Actress Everything Everywhere All at Once (2022) Michelle Yeoh
84%
Best Supporting Actor The Deer Hunter (1978) Christopher Walken
83%
Best Supporting Actress Shakespeare in Love (1998) Judi Dench
80%
Best Supporting Actor Traffic (2000) Benicio del Toro
74%
No matching quizzes found
Score Distribution
Percent of People with Each Score
Percentile by Number Answered
Your Score History
You have not taken this quiz